La música del Renacimiento: la música en la Europa Occidental, 1400-1600

Enregistré dans:
Détails bibliographiques
Auteur principal: Atlas, Allan W (Auteur)
Format: Livre
Langue:espagnol
Publié: Madrid Akal 2009
Édition:1a. ed
Collection:Akal Música, 2
Sujets:
Tags: Ajouter un tag
Pas de tags, Soyez le premier à ajouter un tag!

MARC

LEADER 00000cam a2200000 a 4500
001 UCE1663
003 CL-VaPUC
005 20230403113256.0
008 140508e20090000sp |||||||||||||||||spa|d
999 |c 355402  |d 355400 
020 |a 9788446012085 
040 |c Pontificia Universidad Católica de Valparaíso 
082 0 4 |a 780.9031 ATL 2009  |2 21 
100 0 |a Atlas, Allan W  |e author  |9 574027 
245 1 3 |a La música del Renacimiento: la música en la Europa Occidental, 1400-1600 
250 |a 1a. ed 
260 |a Madrid  |b Akal  |c 2009 
300 |a 816 p 
490 0 |a Akal Música, 2 
583 |a last modification  |c 20140508 16:03:00  |k Rodrigo Vera 
650 0 |a Música renacentista  |9 391249 
650 0 |a Historia de la música  |9 306741 
942 |c BK  |2 ddc 
945 |d 20140508 16:03:00  |a dcastane 
952 |0 0  |1 0  |2 ddc  |3 erd  |4 0  |6 780_903100000000000_ATL_2009  |7 0  |8 A  |9 462110  |a BIBEDU  |b BIBEDU  |i 5076463  |l 4  |o 780.9031 ATL 2009  |p 5076463  |r 2023-05-02  |s 2023-04-27  |w 2019-11-23  |y BK  |z Catalogado en:20140508  |k MUS